000 00768nam a2200241Ia 4500
003 OSt
005 20220923214235.0
006 a|||||r|||| 00| 0
007 ta
008 220922b |||||||| |||| 00| 0 hin d
024 _a168,119
037 _cTextual
040 _aARTS
_cARTS
_bhin
041 _2hin
_ahin
082 _aO152,1I00:g, L3
100 _aलाल, जयबहादुर
245 0 _aकबीर का सहज दर्शन
246 _aKabīr kā sahaj darshana
260 _aलखनऊ
_b नवयुग ग्रंथागार
_c1973
650 _aहिन्दी साहित्य
_9156264
942 _hO152,1I00:g, L3
_cTEXL
_2CC
999 _c322589
_d322589